000 00384nam a2200133Ia 4500
008 231129s1998||||xx |||||||||||||| ||spa||
020 _a958-95834-7-4
082 _aER- 412
100 _aMontoya Castrillón Zulima
245 0 _aParadoja y tragedia en F. Nietzsche
260 _c1998
264 _aPereira: Postergraph 1998
942 _2ddc
_cBKS
999 _c22421
_d22421